Biggest Cities in Countries That Start With A - Statistics

General Stats
  • This quiz has been taken 65 times
  • The average score is 11 of 16
Answer Stats
Country Population City % Correct
Algeria 4.25 m Algiers
88%
Australia 4.98 m Sydney
88%
Argentina 16.7 m Buenos Aires
86%
Australia 1.42 m Adelaide
84%
Australia 5.00 m Melbourne
83%
Australia 2.25 m Perth
83%
Austria 2.35 m Vienna
79%
Afghanistan 5.05 m Kabul
78%
Angola 9.35 m Luanda
78%
Azerbaijan 3.68 m Baku
74%
Australia 3.35 m Brisbane
74%
Armenia 1.52 m Yerevan
62%
Argentina 1.79 m Cordoba
55%
Argentina 1.49 m Rosario
47%
Algeria 1.60 m Oran
38%
Argentina 1.17 m Mendoza
33%
No matching quizzes found
Score Distribution
Percent of People with Each Score
Percentile by Number Answered
Your Score History
You have not taken this quiz